BSOP header

The manor / (Record no. 48844)

MARC details
000 -LEADER
fixed length control field 00498cam a2200193 a 4500
001 - CONTROL NUMBER
control field 10959087
007 - PHYSICAL DESCRIPTION FIXED FIELD--GENERAL INFORMATION
fixed length control field 20191111
008 - FIXED-LENGTH DATA ELEMENTS--GENERAL INFORMATION
fixed length control field 910131s1975 nyu 00110 eng d
020 ## - INTERNATIONAL STANDARD BOOK NUMBER
International Standard Book Number 038043428
040 ## - CATALOGING SOURCE
Original cataloging agency NTNU
Transcribing agency NTNU
100 10 - MAIN ENTRY--PERSONAL NAME
Personal name Singer, Isaac Bashevis,
Dates associated with a name 1904-
245 14 - TITLE STATEMENT
Title The manor /
Statement of responsibility, etc Isaac Bashevis Singer.
260 0# - PUBLICATION, DISTRIBUTION, ETC. (IMPRINT)
Place of publication, distribution, etc Harmondsworth :
Name of publisher, distributor, etc Penguin books,
Date of publication, distribution, etc c1975, c1967.
300 ## - PHYSICAL DESCRIPTION
Extent 407, [1] p. ;
Dimensions 20 cm.
336 ## - CONTENT TYPE
Content Type Term text
337 ## - MEDIA TYPE
Media Type Term unmediated
338 ## - CARRIER TYPE
Carrier Type Term volume
942 ## - ADDED ENTRY ELEMENTS (KOHA)
Source of classification or shelving scheme Library of Congress Classification
Item type Books
Holdings
Withdrawn status Lost status Source of classification or shelving scheme Damaged status Not for loan Home library Current library Shelving location Date acquired Inventory number Total Checkouts Full call number Barcode Date last seen Price effective from Koha item type
    Library of Congress Classification     BSOP Library BSOP Library GC 11/11/2019 10151   PJ5129 Si6m 00021515 11/11/2019 11/11/2019 Books
BSOP

Biblical Seminary of the Philippines
  All rights Reserved
  © 2024

CONTACT INFORMATION

Biblical Seminary of the Philippines,
  77-B Karuhatan Road, Valenzuela City,
  PHILIPPINES 1441
  Phone: +632 8292-6795 / 8292-6798
  Fax : +632 8292-6675
  Email: library@bsop.edu.ph